Southville International School and Colleges
Your cart is empty.
  • Cart
  • Lists
    Public lists Eva Luna New books Lux_list list_1
    Your lists Log in to create your own lists
  • Log in to your account
  • Your cookies
  • Search history
Southville International School and Colleges
  • Advanced search
  • Recent comments
  • Most popular
  • Libraries

Log in to your account

Log in with GOOGLE


If you do not have an external account, but do have a local account, you can still log in:

  1. Home
  2. MARC view: Taking a stand :
Normal view MARC view ISBD view

Taking a stand : (Record no. 275407)

[ view plain ]
MARC details
000 -LEADER
fixed length control field 02086cam a2200325 a 4500
001 - CONTROL NUMBER
control field 16700299
005 - DATE AND TIME OF LATEST TRANSACTION
control field 20140903163902.0
008 - FIXED-LENGTH DATA ELEMENTS--GENERAL INFORMATION
fixed length control field 110321s2011 nyu b 001 0aeng
010 ## - LIBRARY OF CONGRESS CONTROL NUMBER
LC control number 2011012449
020 ## - INTERNATIONAL STANDARD BOOK NUMBER
International Standard Book Number 9780230112339
040 ## - CATALOGING SOURCE
Original cataloging agency DLC
Transcribing agency DLC
Modifying agency DLC
042 ## - AUTHENTICATION CODE
Authentication code pcc
050 00 - LIBRARY OF CONGRESS CALL NUMBER
Classification number JC 571
Item number .M3995 2011
082 00 - DEWEY DECIMAL CLASSIFICATION NUMBER
Classification number 323.092
-- B
084 ## - OTHER CLASSIFICATION NUMBER
Classification number POL035010
Source of number bisacsh
100 1# - MAIN ENTRY--PERSONAL NAME
Personal name Méndez, Juan E.
245 10 - TITLE STATEMENT
Title Taking a stand :
Remainder of title the evolution of human rights /
Statement of responsibility, etc Juan E. Méndez with Marjory Wentworth.
260 ## - PUBLICATION, DISTRIBUTION, ETC. (IMPRINT)
Place of publication, distribution, etc New York, NY :
Name of publisher, distributor, etc Palgrave Macmillan,
Date of publication, distribution, etc 2011.
300 ## - PHYSICAL DESCRIPTION
Extent ix, 246 p. ;
Dimensions 25 cm.
504 ## - BIBLIOGRAPHY, ETC. NOTE
Bibliography, etc Includes bibliographical references and index.
520 ## - SUMMARY, ETC.
Summary, etc "Juan Méndez has experienced human rights abuse first hand. As a result of his work with political prisoners in the late 1970s, the Argentinean military dictatorship arrested, tortured, and held him for more than a year. During that time, Amnesty International adopted him as a "Prisoner of Conscience." After his release, he moved to the United States and continued his lifelong fight for the rights of others, and the lessons he has gleaned over the decades can help us with our current struggles. Here, he sets forth an authoritative and incisive examination of torture, detention, exile, armed conflict, and genocide, whose urgency is even greater in the wake of America's recent disastrous policies. Méndez offers a new strategy for holding governments accountable for their actions, providing an essential blueprint for different human rights groups to be able to work together to effect change"--
600 10 - SUBJECT ADDED ENTRY--PERSONAL NAME
Personal name Méndez, Juan E.
650 #0 - SUBJECT ADDED ENTRY--TOPICAL TERM
Topical term or geographic name as entry element Human rights workers
Form subdivision Biography.
650 #0 - SUBJECT ADDED ENTRY--TOPICAL TERM
Topical term or geographic name as entry element Political prisoners
General subdivision Civil rights.
650 #7 - SUBJECT ADDED ENTRY--TOPICAL TERM
Topical term or geographic name as entry element POLITICAL SCIENCE / Political Freedom & Security / Human Rights
Source of heading or term bisacsh.
700 1# - ADDED ENTRY--PERSONAL NAME
Personal name Wentworth, Marjory,
Dates associated with a name 1958-
906 ## - LOCAL DATA ELEMENT F, LDF (RLIN)
a 7
b cbc
c orignew
d 1
e ecip
f 20
g y-gencatlg
942 ## - ADDED ENTRY ELEMENTS (KOHA)
Source of classification or shelving scheme Library of Congress Classification
Koha item type Books
Call number prefix Foreign
Holdings
Withdrawn status Lost status Source of classification or shelving scheme Damaged status Not for loan Home library Current library Shelving location Date acquired Source of acquisition Total Checkouts Full call number Barcode Date last seen Date checked out Price effective from Koha item type
    Library of Congress Classification   On Process College Library College Library General Circulation Section 09/03/2014 Donation 1 JC 571 .M3995 2011 C18613 10/28/2022 01/24/2017 09/03/2014 Books

Taking a stand :

APA

Méndez J. E., Wentworth M., . (2011). Taking a stand. New York, NY: Palgrave Macmillan.

Chicago

Méndez Juan E, Wentworth Marjory, . 2011. Taking a stand. New York, NY: Palgrave Macmillan.

Harvard

Méndez J. E., Wentworth M., . (2011). Taking a stand. New York, NY: Palgrave Macmillan.

MLA

Méndez Juan E, Wentworth Marjory, . Taking a stand. New York, NY: Palgrave Macmillan. 2011.

  • Place hold
  • Print
  • Cite
  • Add to your cart (remove)
  • Save record
    BIBTEX Dublin Core MARCXML MARC (non-Unicode/MARC-8) MARC (Unicode/UTF-8) MARC (Unicode/UTF-8, Standard) MODS (XML) RIS
  • More searches
    Search for this title in:
    Other Libraries (WorldCat) Other Databases (Google Scholar) Online Stores (Bookfinder.com) Open Library (openlibrary.org)

Exporting to Dublin Core...

SOUTHVILLE LIBRARY

Southville International School and Colleges Library

1281 Tropical Ave. Cor. Luxembourg St., BF Homes International, Las Pinas City

Tel. No. 8256374 / 252358 Loc. 117/146

Powered by Koha